Construction of a single chain Fv fragment of an antibody recognizing dengue 2 envelope protein /
محفوظ في:
| المؤلف الرئيسي: | |
|---|---|
| التنسيق: | أطروحة كتاب |
| اللغة: | English |
| منشور في: |
1997.
|
| الموضوعات: | |
| الوسوم: |
إضافة وسم
لا توجد وسوم, كن أول من يضع وسما على هذه التسجيلة!
|
| LEADER | 00990cam a2200253 a 4500 | ||
|---|---|---|---|
| 001 | u425232 | ||
| 003 | SIRSI | ||
| 008 | 940601s1997 my a v 00 1 eng m | ||
| 035 | |a ACF-2514 | ||
| 040 | |a UMP | ||
| 096 | |a QW168.5.A7 |b Hui 1997 | ||
| 100 | 1 | 0 | |a Hui, Yee Chee. |
| 245 | 1 | 0 | |a Construction of a single chain Fv fragment of an antibody recognizing dengue 2 envelope protein / |c Hui Yee Chee. |
| 260 | |c 1997. | ||
| 300 | |a xii, 106 leaves : |b ill., (some col.) ; |c 30 cm. | ||
| 502 | |a Dissertation (Master of Medical Science)--Department of Medical Microbiology, Faculty of Medicine, University of Malaya, Kuala Lumpur, 1997. | ||
| 504 | |a Bibliography: leaves 96-103 | ||
| 650 | 2 | |a Dengue Virus |x metabolism. | |
| 650 | 2 | |a Dengue Virus |x genetics. | |
| 650 | 2 | |a Dengue Virus |x physiology. | |
| 710 | 2 | 0 | |a Universiti Malaya. |b Jabatan Mikrobiologi Perubatan |
| 948 | |a 13/06/1998 |b 21/08/1998 | ||
| 596 | |a 2 | ||
| 999 | |a QW168.5.A7 HUI 1997 |w NLM |c 1 |i A502747317 |l TESIS |m P02MEDKL |r Y |s Y |t TESIS |u 28/8/1998 | ||
